000 02181cam a2200229 i 4500
999 _c13963
_d13963
003 OSt
005 20260316134122.0
006 m |o d |
008 240227s225 enk ob 001 0 eng
020 _z9781032371306
_q(paperback)
082 0 0 _a808.06/672
_223/eng/20240316
100 1 _aMassey, Anne,
_d1956-
_eauthor.
245 1 0 _aWriting and publishing in architecture and design /
_cAnne Massey.
260 _aLondon
_bRoutledge
504 _aIncludes bibliographical references and index.
520 _a"This book outlines the process of writing and publishing research in the field of architecture and design. The book sets out to help researchers find a voice and find the best fit for their work. Information about the different types of publication on offer is set out, as well as how to make that important initial approach. From pitching an idea for a review in a magazine, to producing a journal article right through to the monograph, Writing and Publishing in Architecture and Design maps out the different steps for the novice author. Your first steps in publishing can be daunting, and the book offers material which will inspire confidence, by demystifying the publication process. It also includes valuable nuts and bolts material such as planning and structure, time management, writing styles, editing, production of the final manuscript and picture research. How do you turn your PhD into a book? How do you turn conference proceedings into a publication? Commissioning editors and authors share their experiences through interview and offer recipes for success as well as what to avoid. Key titles from the past are included as case studies, and their pathway to publication explored. This is an invaluable book for anyone working in the fields of architecture and design, with an ambition to publish"--
650 0 _aArchitectural writing.
776 0 8 _iPrint version:
_aMassey, Anne, 1956-
_tWriting and publishing in architecture and design
_dLondon ; New York : Routledge, Taylor & Francis Group,2025
_z9781032371313
_w(DLC) 2023058510
906 _a7
_bcbc
_corignew
_d1
_eecip
_f20
_gy-gencatlg
942 _2ddc